000 00754nam a22001937a 4500
005 20250626144511.0
010 _aUR-9732 UR9733
020 _a9789350739013
_c200.00(Vol.1)and 75.00(Vol.2)
035 _aU-8287-88
037 _bDBAD/PUB
082 _a921
100 _aاوم پرکاش والمیکی
_982384
245 _aجھو ٹن /
_cاوم پرکاش والمیکی
246 _bJhootan /
_aby Om Prakash Valmiki
260 _aد ہلی
_bا یجو کیشنل پبليشنگ ہا ؤ س
_c2016 ء
270 _a3191,و کیل ا ستر یٹ کو چہ پنڈ ت لا ل کنو ا ن ،
_bد لی
_e110006
_k23216162
_l0091-11-23211540
300 _a164+152ص
_c22cm(Hb)
942 _2ddc
_cUR
_h921
_mا و م
999 _c145420
_d145420